| 000 | 00693nam a22002177a 4500 | ||
|---|---|---|---|
| 999 |
_c22414 _d22414 |
||
| 003 | OSt | ||
| 005 | 20220608125432.0 | ||
| 008 | 220602b ||||| |||| 00| 0 spa d | ||
| 020 | _a9786124272233 | ||
| 040 | _cBiblioteca Municipal de Cusco | ||
| 082 |
_a320.92/H53 _bH53 |
||
| 100 |
_aHildebrandt, César _d1948- _948083 |
||
| 245 |
_aCambio de palabras, 1971-1992 / _cCésar Hildebrandt |
||
| 250 | _aPrimera edición | ||
| 260 |
_aLima : _bDebate, _c2018. |
||
| 300 |
_a326, [4] páginas. : _bretratos. ; _c23 cm. |
||
| 650 |
_aPolíticos _vEntrevistas _zPerú _948084 |
||
| 650 |
_aEscritores _vEntrevistas _948085 |
||
| 650 |
_aPeriodistas _vEntrevistas _zPerú _948086 |
||
| 942 |
_2ddc _cLIBROS |
||